[Event "Voronezh Region-ch"]
[Site "Voronezh"]
[Date "2018.11.23"]
[Round "1"]
[White "Penkin, Vitali"]
[Black "Shtyka, Sergey"]
[Result "1/2-1/2"]
[WhiteElo "1998"]
[BlackElo "2273"]
[PlyCount "118"]
[EventDate "2018.11.23"]
[EventType "swiss"]
[EventRounds "9"]
[EventCountry "RUS"]
[SourceTitle "CBM 188 Extra"]
[Source "ChessBase"]
[SourceDate "2019.02.26"]
[SourceVersion "1"]
[SourceVersionDate "2019.02.26"]
[SourceQuality "1"]

1. d4 c5 2. d5 e5 3. Nc3 d6 4. e4 Be7 5. Nf3 Bg4 6. Bb5+ Nd7 7. h3 Bxf3 8. Qxf3 Ngf6 9. a4 0-0 10. 0-0 Ne8 11. Qg3 a6 12. Be2 Bf6 13. a5 g6 14. Bg4 Nc7 15. Na4 Rb8 16. Bxd7 Qxd7 17. Nb6 Qe7 18. f4 Nb5 19. c3 Bh4 20. Qg4 f5 21. exf5 Rxf5 22. g3 Bf6 23. Qe2 Bg7 24. Bd2 Rbf8 25. Nc4 Qd8 26. fxe5 Bxe5 27. Rxf5 Rxf5 28. g4 Rf8 29. Nxe5 dxe5 30. Qxe5 Re8 31. Qg5 c4 32. Rd1 Qxa5 33. Be3 Qc7 34. d6 Nxd6 35. Bf4 Ne4 36. Qxg6+ hxg6 37. Bxc7 Ng5 38. Rd6 Nxh3+ 39. Kh2 Nf2 40. Kg2 Nd3 41. Rxg6+ Kf7 42. Rd6 Re2+ 43. Kg3 Rxb2 44. Kh4 Rb5 45. g5 a5 46. Kh5 Ne5 47. Rf6+ Kg8 48. Bxe5 Rxe5 49. Rb6 Re7 50. Rb5 a4 51. Ra5 b5 52. Rxb5 Ra7 53. Rb2 a3 54. Ra2 Kf7 55. Kg4 Ke6 56. Kf4 Ra5 57. Ke4 Rxg5 58. Rxa3 Rg4+ 59. Ke3 Kd5 1/2-1/2